00507nam a2200145Ia 4500008004100000082001800041100002700059245004900086260002900135300002900164650004200193942000700235999001900242952010000261230907s9999||||xx |||||||||||||| ||und|| a579.1703bBIT aBitton, Gabriel.95831 0aEncyclopedia of environmental microbiology / aWiley,bNew York :c2002 a6 v. (xxviii, 3527 p.) : aEncyclopedias. Encyclopedias.9115641 cBK c599031d599031 00104070aCAS-EbCAS-Ed2019-08-16l0o579.1703 BITpCAS-E0003130r2023-09-12w2023-09-12yBK